Introduction to geological data analysis
Unlike most other sciences, geology does not have a strong tradition of numerical analysis. It is, however, increasingly common for primary geological information to be quantitative rather than descriptive, and analysis of numerical data is now a skill of immense value to any earth scientist. The au...
Saved in:
| Main Author: | |
|---|---|
| Format: | Book |
| Language: | Undetermined |
| Published: |
Oxford
Blackwell Science
1995
|
| Subjects: | |
| Tags: |
Add Tag
No Tags, Be the first to tag this record!
|
| Institutions: | Trung tâm Học liệu Trường Đại học Cần Thơ |
|---|
| LEADER | 01252nam a2200217Ia 4500 | ||
|---|---|---|---|
| 001 | CTU_220494 | ||
| 008 | 210402s9999 xx 000 0 und d | ||
| 020 | |c 16 | ||
| 082 | |a 550.72 | ||
| 082 | |b S972 | ||
| 100 | |a Swan, A. R. H. | ||
| 245 | 0 | |a Introduction to geological data analysis | |
| 245 | 0 | |c A.R.H. Swan, M. Sandilands | |
| 260 | |a Oxford | ||
| 260 | |b Blackwell Science | ||
| 260 | |c 1995 | ||
| 520 | |a Unlike most other sciences, geology does not have a strong tradition of numerical analysis. It is, however, increasingly common for primary geological information to be quantitative rather than descriptive, and analysis of numerical data is now a skill of immense value to any earth scientist. The authors of this book have set out to provide students at undergraduate and graduate level with a thorough grounding in the statistical techniques required in the earth sciences. All the modern statistical methods employed by geologists and geophysicists are covered, with clear worked examples using the type of data the reader is likely to encounter | ||
| 650 | |a Địa lý,Geology | ||
| 650 | |x Phương pháp thống kê,Statistical methods | ||
| 904 | |i Nguyên | ||
| 980 | |a Trung tâm Học liệu Trường Đại học Cần Thơ | ||